000 00399nam a2200169Ia 4500
003 0100
008 130303s9999 xx 000 0 und d
040 _cARRUPELIB
050 _aBX2210.B921973
100 _aBurke, Anne
245 _aTwelve lessons for Confirmation in secondary schools
260 _aEngland
260 _bSt.Paul Publications
260 _C1973
300 _a48p
942 0 0 _02
999 _c31440
_d31440